000 00783cam a2200289 4500500
005 20260405002109.0
041 _afre
042 _adc
100 1 0 _aLegros, Martin
_eauthor
245 0 0 _aEt si l’évolution se plantait ?
260 _c2015.
500 _a6
690 _aChaos
690 _aDarwin
690 _aDynamisme
690 _aÉvolution
690 _aFixité
690 _aFrancis Hallé
690 _aintelligence
690 _aMartin Legros
690 _aNature
690 _aPierre-Henri Gouyon
690 _aPlante
690 _aVégétal
786 0 _nPhilosophie magazine | 94 | 11 | 2015-11-01 | p. 23-24 | 1951-1787
856 4 1 _uhttps://shs.cairn.info/magazine-philosophie-magazine-2015-11-page-23?lang=fr&redirect-ssocas=7080
999 _c2054193
_d2054193